The search for pattern

Saved in:
Bibliographic Details
Main Author: Sawyer, W. W. (Walter Warwick) 1911-
Format: Book
Language:English
Published: Harmondsworth, England : Penguin Books, c1970.
Series:Introducing mathematics ; 3
Subjects:
Tags: Add Tag
No Tags, Be the first to tag this record!

MARC

LEADER 00000nam a2200000 a 4500
001 1/115945
008 180221t1970####enk| ||| |||| ||eng||
040 |a GR-MyUa  |b gre  |c GR-MyUa  |e AACR2 
041 0 |a eng 
082 7 |a 510  |2 (23) 
100 1 |a Sawyer, W. W.  |q (Walter Warwick)  |d 1911- 
245 1 4 |a The search for pattern /   |c [by] W. W. Sawyer.  
260 |a Harmondsworth, England :   |b Penguin Books,   |c c1970.  
300 |a 348, [4] σ. ;   |c 18 εκ.  
490 1 |a (Introducing mathematics ;   |v 3) 
650 0 |a Mathematics. 
830 0 |a Introducing mathematics  |v  ; 3 
852 |a INST  |b SAMOS  |e 20180221  |h 510 SAW  |p 005300045212  |q 005300045212  |t BK  |y 0 
922 |a 3ΕΛΗ  |b 2018-12  |c Μεταπτυχιακό / Τμήμα Μαθηματικών  
970 |a Γουβάλα  |b Βάσω   |z 21-02-2018